Normal view
MARC view
- Zil-E-Huma
Entry Personal Name
001 - CONTROL NUMBER
- control field: 119963
003 - CONTROL NUMBER IDENTIFIER
- control field: NUST
005 - DATE AND TIME OF LATEST TRANSACTION
- control field: 20240119104339.0
008 - FIXED-LENGTH DATA ELEMENTS
- fixed length control field: 240119|| aca||aabn | a|a d
040 ## - CATALOGING SOURCE
- Original cataloging agency: NUST
- Transcribing agency: NUST
100 ## - HEADING--PERSONAL NAME
- Personal name: Zil-E-Huma
670 ## - SOURCE DATA FOUND
- Source citation: Work cat.: (NUST): Zil-E-Huma, Effects of Resilience Building Program on Resilience Workplace Well-being and Work Engagement of Early Career Employees
